[Event "GRE-chT 42nd"]
[Site "Porto Rio"]
[Date "2014.06.29"]
[Round "2.5"]
[White "Kouvatsou, Maria"]
[Black "Paehtz, Elisabeth"]
[Result "0-1"]
[WhiteElo "2152"]
[BlackElo "2453"]
[PlyCount "136"]
[EventDate "2014.06.28"]
[EventType "team-swiss"]
[EventRounds "7"]
[EventCountry "GRE"]
[SourceTitle "CBM 161 Extra"]
[Source "ChessBase"]
[SourceDate "2014.08.29"]
[SourceVersion "1"]
[SourceVersionDate "2014.08.29"]
[SourceQuality "1"]
[WhiteTeam "Chania Kydon"]
[BlackTeam "Peristeriou CP"]
[WhiteTeamCountry "GRE"]
[BlackTeamCountry "GRE"]

1. e4 g6 2. d4 Bg7 3. Nc3 d6 4. Be3 a6 5. f4 b5 6. Bd3 Nd7 7. Nce2 Bb7 8. Nf3 Ngf6 9. e5 Ng4 10. Bg1 c5 11. c3 e6 12. exd6 c4 13. Bc2 Bxf3 14. gxf3 Qh4+ 15. Ng3 Ngf6 16. f5 gxf5 17. Bf2 Qf4 18. Qe2 0-0 19. Rg1 Kh8 20. Be3 Qh4 21. Qd2 Nd5 22. Bg5 Qh3 23. Qg2 Qxg2 24. Rxg2 Bf6 25. Bxf6+ N7xf6 26. Kd2 Rg8 27. Rgg1 Rad8 28. a4 b4 29. cxb4 Nxb4 30. Ne2 Rxg1 31. Rxg1 Rxd6 32. Rc1 Nbd5 33. Bb1 Rb6 34. Rc2 a5 35. Nc3 Rb4 36. Ba2 Nb6 37. Kc1 Kg7 38. Rg2+ Kh6 39. Nb5 Rxa4 40. Bb1 Nc8 41. Rc2 Rb4 42. Na3 Nd6 43. Ba2 Nd5 44. Kd2 Nb6 45. Kc1 Kg5 46. Rg2+ Kf6 47. Rg8 Na4 48. Ra8 Nxb2 49. Rxa5 Nd3+ 50. Kd1 Nf4 51. Ra6 Rb2 52. Nxc4 Rxa2 53. Rxd6 Rxh2 54. Rd7 Nd5 55. Ne5 Ne7 56. Ke1 Rb2 57. Ra7 h5 58. Nd7+ Kg5 59. Ne5 Ng6 60. Nxf7+ Kf4 61. Nd8 Rb6 62. Rh7 Nh4 63. Rxh5 Nxf3+ 64. Kf1 Nxd4 65. Rh4+ Ke3 66. Nf7 Rb1+ 67. Kg2 Rb2+ 68. Kg3 f4+ 0-1

[Event "GRE-chT 42nd"]
[Site "Porto Rio"]
[Date "2014.06.28"]
[Round "1.5"]
[White "Kouvatsou, Maria"]
[Black "Terzidaki, Alexandra"]
[Result "1-0"]
[WhiteElo "2152"]
[BlackElo "1918"]
[PlyCount "31"]
[EventDate "2014.06.28"]
[EventType "team-swiss"]
[EventRounds "7"]
[EventCountry "GRE"]
[SourceTitle "CBM 161 Extra"]
[Source "ChessBase"]
[SourceDate "2014.08.29"]
[SourceVersion "1"]
[SourceVersionDate "2014.08.29"]
[SourceQuality "1"]
[WhiteTeam "Chania Kydon"]
[BlackTeam "Elefsinas STM"]
[WhiteTeamCountry "GRE"]
[BlackTeamCountry "GRE"]

1. e4 Nf6 2. e5 Nd5 3. c4 Nb6 4. d4 d6 5. exd6 cxd6 6. Nc3 g6 7. a4 Bg7 8. a5 N6d7 9. Nf3 0-0 10. Be2 Nc6 11. Bg5 h6 12. Be3 Nxa5 13. Ra3 Nc6 14. d5 Nb4 15. 0-0 Nc5 16. Bd4 1-0

[Event "Aegean op 33rd"]
[Site "Aghios Kirykos"]
[Date "2010.07.21"]
[Round "9"]
[White "Kouvatsou, Maria"]
[Black "Tsagaropoulos, Spyridon"]
[Result "0-1"]
[WhiteElo "2185"]
[BlackElo "2051"]
[PlyCount "78"]
[EventDate "2010.07.13"]
[EventType "swiss"]
[EventRounds "9"]
[EventCountry "GRE"]
[SourceTitle "CBM 137 Extra"]
[Source "ChessBase"]
[SourceDate "2010.09.01"]
[SourceVersion "1"]
[SourceVersionDate "2010.09.01"]
[SourceQuality "1"]

1. e4 c5 2. Nf3 d6 3. Bb5+ Bd7 4. Bxd7+ Qxd7 5. c4 Nf6 6. Nc3 g6 7. d4 cxd4 8. Nxd4 Bg7 9. 0-0 0-0 10. f3 Nc6 11. Be3 Rac8 12. b3 Rfd8 13. Qd2 e6 14. Rad1 d5 15. cxd5 exd5 16. Nxc6 bxc6 17. Bg5 Qd6 18. Rfe1 Re8 19. Kh1 h5 20. f4 Ng4 21. Na4 f6 22. Bh4 Bh6 23. g3 d4 24. Nb2 c5 25. h3 g5 26. Nc4 Qc6 27. hxg4 gxh4 28. Qe2 hxg3 29. gxh5 Bxf4 30. Qg4+ Bg5 31. Rd3 Qe6 32. Qxg3 Rcd8 33. Rf3 Kh8 34. Qc7 d3 35. e5 d2 36. Rd1 Qg4 37. Qb7 Rd3 38. Rxd3 Qxd1+ 39. Kg2 Qe2+ 0-1

[Event "Aegean op 33rd"]
[Site "Aghios Kirykos"]
[Date "2010.07.19"]
[Round "7"]
[White "Kouvatsou, Maria"]
[Black "Grapsa, Georgia"]
[Result "1-0"]
[WhiteElo "2185"]
[BlackElo "2005"]
[PlyCount "59"]
[EventDate "2010.07.13"]
[EventType "swiss"]
[EventRounds "9"]
[EventCountry "GRE"]
[SourceTitle "CBM 137 Extra"]
[Source "ChessBase"]
[SourceDate "2010.09.01"]
[SourceVersion "1"]
[SourceVersionDate "2010.09.01"]
[SourceQuality "1"]

1. e4 c5 2. c3 Nf6 3. e5 Nd5 4. d4 cxd4 5. Nf3 e6 6. cxd4 d6 7. a3 Bd7 8. Bd3 Bc6 9. 0-0 Nd7 10. b4 a6 11. Re1 Be7 12. Nbd2 dxe5 13. dxe5 Nf4 14. Bb1 Nb6 15. Qb3 Ba4 16. Qe3 Nbd5 17. Qe4 Rc8 18. Bb2 Ng6 19. Nd4 0-0 20. N2f3 b5 21. Qg4 a5 22. bxa5 Qxa5 23. Bxg6 hxg6 24. Nxe6 Rc4 25. Qh3 Nf4 26. Nxf4 Rxf4 27. Rac1 b4 28. axb4 Qxb4 29. Bc3 Qc4 30. Bd2 1-0

[Event "Aegean op 33rd"]
[Site "Aghios Kirykos"]
[Date "2010.07.18"]
[Round "6"]
[White "Kamenets, Anatolij"]
[Black "Kouvatsou, Maria"]
[Result "1-0"]
[WhiteElo "2246"]
[BlackElo "2185"]
[PlyCount "129"]
[EventDate "2010.07.13"]
[EventType "swiss"]
[EventRounds "9"]
[EventCountry "GRE"]
[SourceTitle "CBM 137 Extra"]
[Source "ChessBase"]
[SourceDate "2010.09.01"]
[SourceVersion "1"]
[SourceVersionDate "2010.09.01"]
[SourceQuality "1"]

1. d4 Nf6 2. Bg5 c5 3. Bxf6 gxf6 4. d5 Qb6 5. Qc1 f5 6. g3 Bg7 7. c3 Qf6 8. Bg2 d6 9. Nh3 h5 10. Qg5 Nd7 11. Nd2 h4 12. Qxf6 Bxf6 13. f4 Nb6 14. 0-0-0 Rg8 15. Bf3 Bd7 16. Ng5 hxg3 17. h4 g2 18. Bxg2 Na4 19. Bf3 b5 20. Rdg1 0-0-0 21. Nxf7 Rxg1+ 22. Rxg1 Rf8 23. Ng5 Rh8 24. h5 Be8 25. Rh1 b4 26. Nb1 bxc3 27. b3 Nb6 28. Kc2 Nd7 29. Nxc3 Ne5 30. fxe5 Bxg5 31. e6 Bh6 32. Rg1 Be3 33. Rg7 Kd8 34. Kd3 Bh6 35. Rg1 Rf8 36. e3 Kc7 37. a4 Kb6 38. Nd1 Ka5 39. Kc4 Rh8 40. Rg2 Rf8 41. Kc3 Rh8 42. Nb2 Kb6 43. Nc4+ Kc7 44. Kd3 Rf8 45. Ke2 Rh8 46. Kf2 Rf8 47. Kg1 Rh8 48. Kh2 Rf8 49. Kh3 Rh8 50. Kh4 Rf8 51. Rg1 Rh8 52. Be2 Rf8 53. Bf3 Rh8 54. Rg2 Rf8 55. Kh3 Rh8 56. Kh2 Rf8 57. Kg1 Rh8 58. Kf2 Rf8 59. Ke2 Rh8 60. Kd3 Rf8 61. Kc2 Rh8 62. Kb2 Rf8 63. Ka3 Rh8 64. b4 Rf8 65. Rg1 1-0

[Event "Aegean op 33rd"]
[Site "Aghios Kirykos"]
[Date "2010.07.15"]
[Round "3"]
[White "Kouvatsou, Maria"]
[Black "Nikolov, Momchil"]
[Result "0-1"]
[WhiteElo "2185"]
[BlackElo "2552"]
[PlyCount "82"]
[EventDate "2010.07.13"]
[EventType "swiss"]
[EventRounds "9"]
[EventCountry "GRE"]
[SourceTitle "CBM 137 Extra"]
[Source "ChessBase"]
[SourceDate "2010.09.01"]
[SourceVersion "1"]
[SourceVersionDate "2010.09.01"]
[SourceQuality "1"]

1. e4 c5 2. c3 Nf6 3. e5 Nd5 4. d4 cxd4 5. Nf3 e6 6. cxd4 d6 7. a3 Bd7 8. Bd3 Bc6 9. 0-0 Nd7 10. b4 a6 11. Re1 Rc8 12. Ng5 dxe5 13. dxe5 Be7 14. Qg4 Ne3 15. Bxe3 Nxe5 16. Qg3 Nxd3 17. Rd1 Ba4 18. Rf1 Qd5 19. Nd2 Bf6 20. Nde4 Be5 21. Qh4 h6 22. Nf3 Bxa1 23. Rxa1 f6 24. Nc5 Nxc5 25. Bxc5 Kf7 26. Re1 Rhd8 27. Qg4 Bd1 28. h4 Bxf3 29. gxf3 h5 30. Qg3 Qf5 31. Kh2 Rd3 32. Rg1 Qe5 33. Qxe5 fxe5 34. Rg5 Rxf3 35. Rxe5 Rxa3 36. Rxh5 Rd3 37. Rg5 Rd5 38. Rg4 a5 39. Be3 a4 40. b5 Ra8 41. Bd4 e5 0-1

[Event "Aegean op 33rd"]
[Site "Aghios Kirykos"]
[Date "2010.07.13"]
[Round "1"]
[White "Kouvatsou, Maria"]
[Black "Pagali, Marianna"]
[Result "1-0"]
[WhiteElo "2185"]
[BlackElo "1856"]
[PlyCount "41"]
[EventDate "2010.07.13"]
[EventType "swiss"]
[EventRounds "9"]
[EventCountry "GRE"]
[SourceTitle "CBM 137 Extra"]
[Source "ChessBase"]
[SourceDate "2010.09.01"]
[SourceVersion "1"]
[SourceVersionDate "2010.09.01"]
[SourceQuality "1"]

1. e4 c6 2. d4 d5 3. exd5 cxd5 4. c4 Nf6 5. Nc3 e6 6. Nf3 Nbd7 7. cxd5 Nxd5 8. Bd3 Be7 9. 0-0 0-0 10. Qe2 N7f6 11. Bd2 b6 12. Rad1 Bb7 13. Bb1 Rc8 14. Ne5 Nb4 15. Qe3 a6 16. Rfe1 Qc7 17. Qh3 Rfd8 18. Bg5 g6 19. Nxf7 Kxf7 20. Qxe6+ Kf8 21. Bh6+ 1-0

[Event "EU-ch (Women) 11th"]
[Site "Rijeka"]
[Date "2010.03.10"]
[Round "5"]
[White "Paikidze, Nazi"]
[Black "Kouvatsou, Maria"]
[Result "1/2-1/2"]
[WhiteElo "2322"]
[BlackElo "2161"]
[PlyCount "66"]
[EventDate "2010.03.06"]
[EventType "swiss"]
[EventRounds "11"]
[EventCountry "CRO"]
[SourceTitle "CBM 135 Extra"]
[Source "ChessBase"]
[SourceDate "2010.05.04"]
[SourceVersion "1"]
[SourceVersionDate "2010.05.04"]
[SourceQuality "1"]

1. d4 d5 2. c4 dxc4 3. Nf3 Nf6 4. e3 e6 5. Bxc4 c5 6. 0-0 a6 7. e4 Nxe4 8. d5 b5 9. dxe6 fxe6 10. Qe2 Nf6 11. Bxe6 Qe7 12. Re1 Bxe6 13. Qxe6 Qxe6 14. Rxe6+ Kd7 15. Re1 Bd6 16. Ne5+ Bxe5 17. Rxe5 Re8 18. Rxe8 Kxe8 19. a4 b4 20. Nd2 Nc6 21. Nc4 Nd4 22. Be3 Rd8 23. Kf1 Ng4 24. Bf4 Nc2 25. Rc1 Rd4 26. Rxc2 Rxf4 27. g3 Rd4 28. Ke2 Ke7 29. h3 Nf6 30. Ne3 g6 31. Rxc5 Ne4 32. Rc4 Rxc4 33. Nxc4 Nc5 1/2-1/2